[Event "DEM U12/U12w 2015"]
[Site "Willingen GER"]
[Date "2015.05.24"]
[Round "2"]
[White "Nguyen, Alex Dac-Vuong"]
[Black "Bethke, Robert"]
[Result "1-0"]
[Termination "normal"]
[Board "21"]
[WhiteElo "1885"]
[BlackElo "1548"]
[PlyCount "117"]
[WhiteFideId "12984388"]
[BlackFideId "12959251"]
[EventCountry "GER"]
[EventRounds "11"]
[EventType "swiss"]
[EventDate "2015.05.23"]

1. e4 e5 2. Nf3 Nf6 3. d4 exd4 4. e5 Nd5 5. Qxd4 Nb6 6. Nc3 Nc6 7. Qe4 Be7 8.
Bd3 d5 9. exd6 Qxd6 10. Bf4 Qd8 11. O-O-O Bd7 12. Rhe1 f5 13. Qe2 O-O 14. Bc4+
Kh8 15. Be6 Bb4 16. Bxd7 Nxd7 17. Qc4 Qc8 18. a3 Nb6 19. Qb3 Bxc3 20. Qxc3 Rd8
21. Bh6 Rxd1+ 22. Rxd1 Qg8 23. b3 Re8 24. a4 a5 25. Nd4 Nd5 26. Qb2 Nxd4 27.
Qxd4 Nb4 28. Rd2 Nc6 29. Qc3 Re6 30. Bf4 Re7 31. h4 Nb4 32. Qf3 Qf8 33. Bg5 Re8
34. Kb2 Nc6 35. Qc3 Qf7 36. f3 Qe6 37. Bf4 Qf7 38. Qd3 Qf6+ 39. c3 Rd8 40.
Qxd8+ Nxd8 41. Bg5 Qxg5 42. hxg5 Ne6 43. Re2 Nf8 44. Re7 g6 45. c4 b6 46. Kc3
c5 47. Kd3 Kg8 48. Ke3 f4+ 49. Kxf4 h6 50. gxh6 b5 51. axb5 a4 52. bxa4 g5+ 53.
Kxg5 Kh8 54. Re8 Kh7 55. Re7+ Kh8 56. h7 Ng6 57. Ra7 Ne7 58. Ra8+ Kxh7 59. Ra7
1-0

[Event "DEM U12/U12w 2015"]
[Site "Willingen GER"]
[Date "2015.05.24"]
[Round "2"]
[White "Basovskiy, Jana"]
[Black "Biermann, Lenhard"]
[Result "0-1"]
[Termination "normal"]
[Board "22"]
[WhiteElo "1367"]
[BlackElo "1622"]
[PlyCount "120"]
[WhiteFideId "16208617"]
[BlackFideId "12970077"]
[EventCountry "GER"]
[EventRounds "11"]
[EventType "swiss"]
[EventDate "2015.05.23"]

1. e4 e6 2. Qe2 c5 3. d3 Nc6 4. c3 g6 5. Nf3 Bg7 6. g3 Nge7 7. Bg2 O-O 8. O-O
d5 9. Nbd2 Bd7 10. Re1 Rc8 11. Nf1 a6 12. h4 dxe4 13. dxe4 Qc7 14. N1h2 e5 15.
Be3 Qa5 16. a3 Rfd8 17. Rad1 Be6 18. Ng5 Bb3 19. Rxd8+ Rxd8 20. Ng4 h6 21. Nh3
Kh7 22. Qf3 Rd6 23. Nh2 Nb8 24. g4 Nd7 25. h5 g5 26. Bf1 Qa4 27. Bg2 b6 28. Bf1
Nf6 29. Bg2 Rd1 30. Rf1 Rxf1+ 31. Bxf1 Bd1 32. Be2 Bxe2 33. Qxe2 Nxe4 34. Qd3
Kh8 35. b3 Qc6 36. f3 Nf6 37. Qxa6 e4 38. Qe2 Ned5 39. c4 Nxe3 40. Qxe3 Nxg4
41. Qxe4 Qxe4 42. fxe4 Bd4+ 43. Kg2 Nf6 44. Kf3 Bb2 45. a4 Nxh5 46. Ng4 Kg7 47.
e5 f5 48. exf6+ Nxf6 49. Nhf2 Nxg4 50. Nxg4 Kg6 51. Ne5+ Bxe5 52. Ke4 Bc3 53.
Kd5 Ba5 54. Kc6 g4 55. Kb5 g3 56. b4 Bxb4 57. Kxb6 g2 58. a5 Bxa5+ 59. Kxa5
g1=Q 60. Kb5 Qd4 0-1

[Event "DEM U12/U12w 2015"]
[Site "Willingen GER"]
[Date "2015.05.24"]
[Round "2"]
[White "Merk, Daniel"]
[Black "Bardorz, Jana"]
[Result "1-0"]
[Termination "normal"]
[Board "23"]
[WhiteElo "1799"]
[BlackElo "1263"]
[PlyCount "87"]
[WhiteFideId "12938386"]
[BlackFideId "16208897"]
[EventCountry "GER"]
[EventRounds "11"]
[EventType "swiss"]
[EventDate "2015.05.23"]

1. d4 d5 2. c4 e6 3. Nc3 Nf6 4. Bg5 Be7 5. cxd5 exd5 6. e3 O-O 7. Bd3 Nbd7 8.
Nf3 c6 9. O-O Re8 10. Qc2 Nf8 11. h3 Be6 12. a3 b6 13. b4 N6d7 14. Bxe7 Rxe7
15. Na4 Ng6 16. Qxc6 Rc8 17. Qb5 Nf6 18. Bxg6 hxg6 19. Qe2 Bf5 20. Rac1 Rec7
21. Rxc7 Rxc7 22. Nh4 Bd7 23. Nb2 Ne4 24. Nf3 Qe8 25. Ne5 Bb5 26. Nbd3 Rc3 27.
Ra1 Bxd3 28. Nxd3 Qa4 29. Nf4 Rxa3 30. Rxa3 Qxa3 31. Nxd5 Qc1+ 32. Kh2 Qa3 33.
Qc2 Nd6 34. Qc6 Nf5 35. Qe8+ Kh7 36. Qxf7 Kh6 37. Qg8 Nd6 38. f4 g5 39. Qe6+ g6
40. Ne7 Qd3 41. Qxd6 Qe4 42. f5 Kh5 43. Qxg6+ Kh4 44. Qh6# 1-0

[Event "DEM U12/U12w 2015"]
[Site "Willingen GER"]
[Date "2015.05.24"]
[Round "2"]
[White "Truong, Lisa"]
[Black "Henning, Marvin"]
[Result "1/2-1/2"]
[Termination "normal"]
[Board "24"]
[WhiteElo "1264"]
[BlackElo "1791"]
[PlyCount "87"]
[WhiteFideId "12983462"]
[BlackFideId "12957399"]
[EventCountry "GER"]
[EventRounds "11"]
[EventType "swiss"]
[EventDate "2015.05.23"]

1. e4 c5 2. Nf3 Nc6 3. d4 cxd4 4. Nxd4 g6 5. Nc3 Bg7 6. Be3 d6 7. f3 Qb6 8. Nd5
Qd8 9. Qd2 Bd7 10. g4 Rc8 11. Nc3 Ne5 12. Be2 a6 13. h4 Nc4 14. Bxc4 Rxc4 15.
O-O-O b5 16. a3 h5 17. g5 Qb8 18. Qd3 Rc8 19. f4 Bg4 20. Rd2 Qb7 21. Re1 e5 22.
Nb3 Rd8 23. Nd5 Be6 24. Na5 Qc8 25. Nb4 Ne7 26. Qe2 Bg4 27. Qf2 O-O 28. Nd5
Nxd5 29. Rxd5 Be6 30. Rd3 Bc4 31. Nxc4 bxc4 32. Rd5 exf4 33. Qxf4 Qb7 34. Bd4
Bxd4 35. Rxd4 Rb8 36. Qe3 Qxb2+ 37. Kd2 Rfc8 38. Qc3 Qb6 39. Rxc4 Qf2+ 40. Re2
Qf4+ 41. Re3 Qf2+ 42. Re2 Qf4+ 43. Re3 Qf2+ 44. Re2 1/2-1/2

[Event "DEM U12/U12w 2015"]
[Site "Willingen GER"]
[Date "2015.05.24"]
[Round "2"]
[White "Creß, Bastian"]
[Black "Lieberwirth, Kasimir"]
[Result "1/2-1/2"]
[Termination "normal"]
[Board "25"]
[WhiteElo "1387"]
[BlackElo "1638"]
[PlyCount "42"]
[WhiteFideId "16208846"]
[BlackFideId "12988146"]
[EventCountry "GER"]
[EventRounds "11"]
[EventType "swiss"]
[EventDate "2015.05.23"]

1. e4 Nc6 2. d3 d6 3. Nd2 Nf6 4. g3 g6 5. Bg2 Bg7 6. Ngf3 Bg4 7. h3 Bxf3 8.
Nxf3 O-O 9. O-O Nd7 10. d4 Nb6 11. c3 e5 12. Qd3 Qe8 13. Re1 Rd8 14. b3 f5 15.
Ba3 exd4 16. cxd4 fxe4 17. Rxe4 Qf7 18. Qd2 Qd5 19. Rae1 Rd7 20. Bb2 Rdf7 21.
Ng5 Rxf2 1/2-1/2

[Event "DEM U12/U12w 2015"]
[Site "Willingen GER"]
[Date "2015.05.24"]
[Round "2"]
[White "Longo, Massimo"]
[Black "Nguyen, Vanessa"]
[Result "1-0"]
[Termination "normal"]
[Board "26"]
[WhiteElo "1628"]
[BlackElo "923"]
[PlyCount "43"]
[WhiteFideId "16205227"]
[BlackFideId "12993492"]
[EventCountry "GER"]
[EventRounds "11"]
[EventType "swiss"]
[EventDate "2015.05.23"]

1. d4 d5 2. c4 e6 3. Nc3 Nf6 4. Bg5 Be7 5. e3 b6 6. Nf3 Nbd7 7. Bd3 c5 8. cxd5
exd5 9. O-O h6 10. Bf4 Bb7 11. Nb5 Ne4 12. Nc7+ Kf8 13. Nxa8 Qxa8 14. b3 Ndf6
15. Ne5 Qc8 16. Rc1 Qe6 17. Qc2 g5 18. Bg3 Kg7 19. f3 Nxg3 20. hxg3 Rc8 21. Bf5
Qd6 22. Bxc8 1-0

[Event "DEM U12/U12w 2015"]
[Site "Willingen GER"]
[Date "2015.05.24"]
[Round "2"]
[White "Heckmann, Till"]
[Black "Khamenya, Vitalia"]
[Result "1-0"]
[Termination "normal"]
[Board "27"]
[WhiteElo "1527"]
[BlackElo "1570"]
[PlyCount "67"]
[WhiteFideId "12987093"]
[BlackFideId "12959260"]
[EventCountry "GER"]
[EventRounds "11"]
[EventType "swiss"]
[EventDate "2015.05.23"]

1. e4 c5 2. Nc3 e6 3. g3 Nc6 4. Bg2 Rb8 5. d3 b5 6. f4 b4 7. Nce2 d5 8. exd5
exd5 9. Nf3 Nf6 10. O-O Be7 11. h3 O-O 12. Be3 d4 13. Bf2 Qc7 14. g4 Bd6 15. f5
Ne7 16. Nd2 Bb7 17. Bxb7 Rxb7 18. Nc4 Bh2+ 19. Kg2 Nfd5 20. Ng3 Bxg3 21. Bxg3
Qd8 22. Qf3 Rd7 23. h4 Re8 24. g5 Nc8 25. Rae1 Rxe1 26. Rxe1 f6 27. g6 h6 28.
Re6 Re7 29. Qe2 Kf8 30. Kh2 Nc7 31. Rxe7 Nxe7 32. Nd6 Ncd5 33. Qe6 Nxg6 34.
Qf7# 1-0

[Event "DEM U12/U12w 2015"]
[Site "Willingen GER"]
[Date "2015.05.24"]
[Round "2"]
[White "Stelljes, Fabian"]
[Black "Dobrikov, Marco"]
[Result "0-1"]
[Termination "normal"]
[Board "28"]
[WhiteElo "1342"]
[BlackElo "1947"]
[PlyCount "96"]
[WhiteFideId "16201370"]
[BlackFideId "12950378"]
[EventCountry "GER"]
[EventRounds "11"]
[EventType "swiss"]
[EventDate "2015.05.23"]

1. e4 c5 2. Nc3 Nc6 3. Bb5 Nd4 4. Nf3 Nxb5 5. Nxb5 d6 6. d4 cxd4 7. Qxd4 Bd7 8.
Qd3 Nf6 9. Nc3 g6 10. O-O Bg7 11. Bf4 O-O 12. Rad1 Rc8 13. h3 Be6 14. b3 Nh5
15. Bd2 Qb6 16. Na4 Qc6 17. c4 Nf6 18. Nc3 a6 19. Nd4 Qd7 20. Be3 Rc7 21. Bc1
Qc8 22. Na4 Bd7 23. Nb2 b5 24. cxb5 axb5 25. Bd2 Qb7 26. f3 Qa7 27. Kh1 Nxe4
28. Qxe4 Bxd4 29. Nd3 Bf5 30. Qe2 Qxa2 31. Nb4 Qxb3 32. Qxb5 Qc4 33. Qxc4 Rxc4
34. Nd5 Re8 35. Bh6 Be6 36. Nf4 Be3 37. g3 Bxh3 38. Rde1 Bxf4 39. Bxf4 Bxf1 40.
Rxf1 e5 41. Re1 Rec8 42. Bh6 f5 43. Rd1 R8c6 44. Kg2 R4c5 45. Be3 Rc2+ 46. Kh3
R2c3 47. Rf1 Kf7 48. g4 f4 0-1

[Event "DEM U12/U12w 2015"]
[Site "Willingen GER"]
[Date "2015.05.24"]
[Round "2"]
[White "Hassemeier, Mika"]
[Black "Gutmann, Anna"]
[Result "1/2-1/2"]
[Termination "normal"]
[Board "29"]
[WhiteElo "1658"]
[BlackElo "1303"]
[PlyCount "142"]
[WhiteFideId "12994880"]
[BlackFideId "16208889"]
[EventCountry "GER"]
[EventRounds "11"]
[EventType "swiss"]
[EventDate "2015.05.23"]

1. d4 d5 2. c4 e6 3. Nc3 f5 4. Nf3 Nf6 5. Bg5 Be7 6. e3 O-O 7. Bd3 c6 8. O-O
Ne4 9. Bxe7 Qxe7 10. cxd5 exd5 11. Ne5 Nd7 12. f4 Nxe5 13. fxe5 b5 14. Bxe4
dxe4 15. a4 b4 16. Ne2 c5 17. Qb3+ Be6 18. d5 Bf7 19. e6 Bg6 20. Rae1 Qd6 21.
Nf4 Be8 22. Rc1 Rc8 23. Rfd1 Qa6 24. Ra1 Qb6 25. d6 c4 26. Qc2 Qxe3+ 27. Qf2
Qxf2+ 28. Kxf2 Rc6 29. d7 Bxd7 30. Rxd7 Re8 31. e7 Rcc8 32. Rxa7 c3 33. bxc3
bxc3 34. Rc1 Rc5 35. Ne2 Re5 36. Rxc3 R5xe7 37. Rxe7 Rxe7 38. Ke3 g5 39. g3 h6
40. a5 Ra7 41. Rc5 f4+ 42. gxf4 gxf4+ 43. Nxf4 Ra6 44. Kxe4 Kf7 45. Nd3 Ke6 46.
Rh5 Ke7 47. Nb4 Ra8 48. a6 Kd7 49. Rxh6 Kc7 50. h4 Re8+ 51. Kf5 Rf8+ 52. Rf6
Rh8 53. a7 Kb7 54. Rf7+ Ka8 55. Kg5 Rg8+ 56. Kf6 Rc8 57. h5 Rc6+ 58. Kg5 Rg6+
59. Kf4 Rg4+ 60. Kf3 Rg3+ 61. Ke2 Re3+ 62. Kf2 Re2+ 63. Kg3 Rg2+ 64. Kh4 Rg4+
65. Kh3 Rg3+ 66. Kh2 Rg2+ 67. Kh1 Rg1+ 68. Kh2 Rg2+ 69. Kh3 Rg3+ 70. Kh4 Rg4+
71. Kh3 Rg3+ 1/2-1/2

[Event "DEM U12/U12w 2015"]
[Site "Willingen GER"]
[Date "2015.05.24"]
[Round "2"]
[White "Kublanov, Elizabeth"]
[Black "Marzisch, Darius"]
[Result "1/2-1/2"]
[Termination "normal"]
[Board "30"]
[WhiteElo "1563"]
[BlackElo "1499"]
[PlyCount "71"]
[WhiteFideId "12944564"]
[BlackFideId "12997480"]
[EventCountry "GER"]
[EventRounds "11"]
[EventType "swiss"]
[EventDate "2015.05.23"]

1. d4 g6 2. e4 d6 3. Nc3 Bg7 4. Be3 Nd7 5. Qd2 Ngf6 6. f3 O-O 7. O-O-O e5 8. d5
Kh8 9. Bh6 c6 10. Bxg7+ Kxg7 11. dxc6 bxc6 12. Qxd6 Qb6 13. Kb1 Rb8 14. Qa3 Nc5
15. g4 Be6 16. Be2 Rb7 17. b3 Rfb8 18. Ka1 Nfd7 19. h4 Qd8 20. Rb1 a5 21. h5
Qb6 22. Qc1 Qb4 23. Qb2 a4 24. a3 Qb6 25. b4 Kg8 26. hxg6 hxg6 27. Nh3 f6 28.
f4 Qa7 29. f5 gxf5 30. gxf5 Bf7 31. Qc1 Nxe4 32. Nxe4 Qd4+ 33. Qb2 Qxe4 34. Bd3
Qd5 35. Rbg1+ Kf8 36. Rb1 1/2-1/2

[Event "DEM U12/U12w 2015"]
[Site "Willingen GER"]
[Date "2015.05.24"]
[Round "2"]
[White "Ruppert, Paula"]
[Black "Müdder, Melanie"]
[Result "0-1"]
[Termination "normal"]
[Board "31"]
[WhiteElo "1443"]
[BlackElo "1511"]
[PlyCount "106"]
[WhiteFideId "12979996"]
[BlackFideId "12994103"]
[EventCountry "GER"]
[EventRounds "11"]
[EventType "swiss"]
[EventDate "2015.05.23"]

1. e4 e5 2. Nf3 Nc6 3. d4 exd4 4. Bc4 Nf6 5. e5 d5 6. Bb5 Ne4 7. Nxd4 Bc5 8.
Be3 O-O 9. Nxc6 bxc6 10. Bxc5 Nxc5 11. Bxc6 Rb8 12. Qxd5 Qxd5 13. Bxd5 Rxb2 14.
Bb3 Nxb3 15. cxb3 Re8 16. O-O Rxe5 17. Rd1 Re8 18. Nc3 Rc2 19. Rac1 Bg4 20. f3
Rxc1 21. Rxc1 Bd7 22. Nd5 c6 23. Nb4 Re6 24. Rd1 Re7 25. Kf2 Kf8 26. Rc1 Re6
27. Nd3 Rd6 28. Ne5 Ke8 29. Re1 Re6 30. f4 f6 31. Nxd7 Kxd7 32. Rxe6 Kxe6 33.
Ke3 Kd5 34. Kd3 c5 35. a3 a5 36. a4 g6 37. h3 h6 38. g3 f5 39. g4 fxg4 40. hxg4
h5 41. f5 hxg4 42. fxg6 Ke6 43. g7 Kf7 44. Ke4 Kxg7 45. Kf4 Kf6 46. Kxg4 Ke5
47. Kf3 Kd4 48. Ke2 Kc3 49. Ke3 Kxb3 50. Kd3 c4+ 51. Kd2 Kb2 52. Ke3 c3 53. Kd4
c2 0-1

[Event "DEM U12/U12w 2015"]
[Site "Willingen GER"]
[Date "2015.05.24"]
[Round "2"]
[White "Glinzner, Alva"]
[Black "Buller, Ian Joshua"]
[Result "0-1"]
[Termination "normal"]
[Board "32"]
[WhiteElo "1257"]
[BlackElo "1491"]
[PlyCount "120"]
[WhiteFideId "16206169"]
[BlackFideId "12990655"]
[EventCountry "GER"]
[EventRounds "11"]
[EventType "swiss"]
[EventDate "2015.05.23"]

1. e4 c5 2. Bc4 e6 3. Nf3 Nc6 4. Nc3 a6 5. O-O Nf6 6. Re1 b5 7. Be2 Bb7 8. d3
h6 9. Bf1 Be7 10. e5 Nh7 11. Be3 Qc7 12. Bf4 Nf8 13. Bg3 Ng6 14. Ne4 Ngxe5 15.
Nxe5 Nxe5 16. Nxc5 Bxc5 17. Rxe5 Qb6 18. Qd2 Bd4 19. Re2 Bxb2 20. Rd1 Bf6 21.
d4 O-O 22. Be5 Bg5 23. Qd3 d6 24. Bg3 Bd5 25. Qa3 b4 26. Qa4 Rac8 27. Rb1 a5
28. h4 Bf6 29. Rd2 Bxd4 30. Bxd6 Bc3 31. Rxd5 exd5 32. Bxf8 Rxf8 33. Qb3 Qc6
34. Bd3 a4 35. Bb5 axb3 36. Bxc6 bxa2 37. Rd1 a1=Q 38. Rxa1 Bxa1 39. Bxd5 Rc8
40. Bb3 Kf8 41. Kf1 Ke7 42. Ke2 Kd6 43. Kd2 f6 44. f3 Bb2 45. g4 Ke5 46. Ke3
Rc3+ 47. Kf2 Kf4 48. Ke2 Rxf3 49. Bd5 Rc3 50. Kd2 Kxg4 51. Be4 Kxh4 52. Bd3 g5
53. Ke2 Kg3 54. Kf1 Kh2 55. Kf2 g4 56. Be4 g3+ 57. Kf1 f5 58. Bg2 Rxc2 59. Ba8
Bc3 60. Be4 Rf2# 0-1

[Event "DEM U12/U12w 2015"]
[Site "Willingen GER"]
[Date "2015.05.24"]
[Round "2"]
[White "Schille, Hannes"]
[Black "Ortlepp, Klaudia"]
[Result "1/2-1/2"]
[Termination "normal"]
[Board "33"]
[WhiteElo "1489"]
[BlackElo "1243"]
[PlyCount "119"]
[WhiteFideId "16206053"]
[BlackFideId "16206045"]
[EventCountry "GER"]
[EventRounds "11"]
[EventType "swiss"]
[EventDate "2015.05.23"]

1. d4 Nf6 2. c4 e5 3. dxe5 Ne4 4. Nf3 Bb4+ 5. Bd2 Qe7 6. Nc3 Nxc3 7. bxc3 Bc5
8. Bf4 Nc6 9. e3 b6 10. Bd3 Bb7 11. Qc2 h6 12. Be4 Qe6 13. Bd5 Qe7 14. O-O
O-O-O 15. Qe4 Rde8 16. Nd4 Nd8 17. Bxb7+ Nxb7 18. Qf3 g5 19. Bg3 Ref8 20. Qf6
Qxf6 21. exf6 Na5 22. Nb5 c6 23. Nd6+ Bxd6 24. Bxd6 Re8 25. c5 b5 26. Be7 Nc4
27. a4 a6 28. axb5 axb5 29. Ra7 Nb2 30. Rfa1 Na4 31. c4 g4 32. cxb5 cxb5 33.
Rb1 Nc3 34. Rb3 Nd5 35. Rxb5 Nxe7 36. fxe7 h5 37. Kf1 h4 38. Ke2 f5 39. Kd3
Rhg8 40. Kd4 Rh8 41. Ke5 Rxe7+ 42. Kxf5 Rf8+ 43. Kg6 Rxf2 44. Ra8+ Kc7 45. Rh8
Re6+ 46. Kg5 Rxe3 47. Rxh4 Rxg2 48. Rxg4 Rxh2 49. Kf4 Re6 50. Kg3 Ra2 51. Rb3
d6 52. cxd6+ Rxd6 53. Rc3+ Kd7 54. Rg7+ Ke6 55. Rg6+ Kd7 56. Rxd6+ Kxd6 57. Kf4
Ra4+ 58. Kf5 Ra5+ 59. Kf6 Kd5 60. Rh3 1/2-1/2

[Event "DEM U12/U12w 2015"]
[Site "Willingen GER"]
[Date "2015.05.24"]
[Round "2"]
[White "Kurzweil, Naemi"]
[Black "Brunkardt, Elena"]
[Result "1/2-1/2"]
[Termination "normal"]
[Board "34"]
[WhiteElo "1232"]
[BlackElo "1474"]
[PlyCount "98"]
[WhiteFideId "12985708"]
[BlackFideId "16208838"]
[EventCountry "GER"]
[EventRounds "11"]
[EventType "swiss"]
[EventDate "2015.05.23"]

1. e4 c5 2. Nf3 e6 3. d4 cxd4 4. Nxd4 a6 5. Nc3 Qc7 6. Be3 Nf6 7. Bd3 d6 8. f4
Nbd7 9. Qf3 Be7 10. Qg3 O-O 11. Be2 Kh8 12. f5 e5 13. Nf3 b5 14. O-O Bb7 15.
Rad1 Bxe4 16. Nxe4 Nxe4 17. Qh3 Ndf6 18. c3 Qb7 19. Nd2 Nxd2 20. Bxd2 Ne4 21.
Bf3 d5 22. Rfe1 Nxd2 23. Rxd2 e4 24. Bg4 Bg5 25. Rdd1 Rfe8 26. Qh5 f6 27. Rd4
Qa7 28. Kh1 Re5 29. Red1 Rf8 30. Rxd5 Rxd5 31. Rxd5 Qf2 32. Rd1 Bd2 33. Qh3 e3
34. Qg3 Qxg3 35. hxg3 Re8 36. Be2 Re5 37. g4 h5 38. gxh5 Rxf5 39. Rf1 Re5 40.
Rf3 Rxh5+ 41. Rh3 Rxh3+ 42. gxh3 f5 43. Kg2 Kh7 44. c4 bxc4 45. Bxc4 a5 46. b3
f4 47. Kf3 Kh6 48. Kg4 g5 49. a4 Bb4 1/2-1/2

[Event "DEM U12/U12w 2015"]
[Site "Willingen GER"]
[Date "2015.05.24"]
[Round "2"]
[White "Berelowitsch, Dana"]
[Black "Zell, Hannah"]
[Result "1-0"]
[Termination "normal"]
[Board "35"]
[WhiteElo "1408"]
[BlackElo "1224"]
[PlyCount "123"]
[WhiteFideId "12977144"]
[BlackFideId "16208900"]
[EventCountry "GER"]
[EventRounds "11"]
[EventType "swiss"]
[EventDate "2015.05.23"]

1. e4 e5 2. Nf3 Nc6 3. Bb5 a6 4. Ba4 Nf6 5. Nc3 b5 6. Bb3 Bc5 7. d3 Ne7 8. Nxe5
O-O 9. Bg5 Ng6 10. Nxg6 hxg6 11. Nd5 d6 12. O-O c6 13. Nxf6+ gxf6 14. Bh6 Re8
15. Qf3 Qe7 16. Qg3 Kh7 17. Qh4 Kg8 18. Bd2 Be6 19. Be3 Bxe3 20. fxe3 f5 21.
Qxe7 Rxe7 22. exf5 Bxf5 23. e4 Be6 24. Bxe6 fxe6 25. Rf6 Kg7 26. Raf1 Rh8 27.
R6f3 Rh6 28. Rf8 Ra7 29. Rc8 c5 30. Rc6 Rf7 31. Rxf7+ Kxf7 32. Rxd6 a5 33. Ra6
a4 34. Ra5 c4 35. dxc4 bxc4 36. Rxa4 c3 37. bxc3 Rh5 38. Rc4 Ra5 39. a4 Ke7 40.
Kf2 Kd6 41. Ke3 e5 42. h4 Ra6 43. g4 Kd7 44. Rc5 Kd6 45. Rd5+ Ke6 46. a5 Rc6
47. Kd3 Kf6 48. c4 Re6 49. c5 Ra6 50. Rd6+ Rxd6+ 51. cxd6 Ke6 52. a6 Kxd6 53.
a7 Ke6 54. a8=Q Kf6 55. Qc6+ Kf7 56. Kc4 Kg7 57. g5 Kf7 58. Qd7+ Kf8 59. Kd5
Kg8 60. Ke6 Kh8 61. Kf6 Kg8 62. Qg7# 1-0

[Event "DEM U12/U12w 2015"]
[Site "Willingen GER"]
[Date "2015.05.24"]
[Round "2"]
[White "Schnabel, Luise"]
[Black "Abele, Anais"]
[Result "1/2-1/2"]
[Termination "normal"]
[Board "36"]
[WhiteElo "1458"]
[BlackElo "1210"]
[PlyCount "64"]
[WhiteFideId "12943347"]
[BlackFideId "16208927"]
[EventCountry "GER"]
[EventRounds "11"]
[EventType "swiss"]
[EventDate "2015.05.23"]

1. e4 e5 2. Nf3 Nc6 3. Bc4 Nf6 4. d4 exd4 5. O-O Nxe4 6. Re1 d5 7. Bxd5 Qxd5 8.
Nc3 Qh5 9. Nxe4 Be6 10. Nxd4 Qxd1 11. Rxd1 Nxd4 12. Rxd4 Be7 13. Be3 O-O 14.
Rad1 Rfd8 15. Nc5 Rxd4 16. Bxd4 Bxc5 17. Bxc5 b6 18. Be3 Kf8 19. Bf4 c5 20. f3
Ke8 21. b3 Bf5 22. c3 Rc8 23. Kf2 c4 24. b4 b5 25. Rd5 Bd7 26. Bd6 a6 27. f4 g6
28. h3 Be6 29. Rd4 Rd8 30. Bc5 Rxd4 31. Bxd4 Kd7 32. Be5 Kc6 1/2-1/2

[Event "DEM U12/U12w 2015"]
[Site "Willingen GER"]
[Date "2015.05.24"]
[Round "2"]
[White "Knape, Albert"]
[Black "Ziegenfuß, Larissa"]
[Result "1/2-1/2"]
[Termination "normal"]
[Board "37"]
[WhiteElo "1222"]
[BlackElo "1574"]
[PlyCount "107"]
[WhiteFideId "16208919"]
[BlackFideId "12974722"]
[EventCountry "GER"]
[EventRounds "11"]
[EventType "swiss"]
[EventDate "2015.05.23"]

1. e4 c5 2. Nf3 e6 3. d4 cxd4 4. Qxd4 Nc6 5. Qd1 Nf6 6. Nc3 d6 7. Bc4 Be7 8.
Bf4 O-O 9. O-O a6 10. h3 b5 11. Bd3 Bb7 12. a3 Nd7 13. b4 Qc7 14. Qe2 Bf6 15.
Bd2 Nde5 16. Nxe5 Nxe5 17. f4 Nxd3 18. Qxd3 Bxc3 19. Bxc3 Bxe4 20. Qd4 Qa7 21.
Rf2 Qxd4 22. Bxd4 Rac8 23. c3 f6 24. Rc1 Rc4 25. Re2 Bd5 26. Re3 e5 27. fxe5
fxe5 28. Bb6 Rb8 29. Ba5 e4 30. Rd1 Bc6 31. Rxd6 Re8 32. Bb6 Kf7 33. Bc5 Re6
34. Rd4 Rxd4 35. Bxd4 g6 36. Kh2 Re8 37. g3 Ke6 38. Re2 Rf8 39. Rf2 Rxf2+ 40.
Bxf2 Kd5 41. Bd4 Kc4 42. Kg2 e3+ 43. Kf1 Kd3 44. Ke1 e2 45. h4 Bd5 46. g4 Bf3
47. g5 Bg4 48. Be5 Kc4 49. Kd2 Kb3 50. Bg3 Kxa3 51. Kc2 Ka4 52. Kb2 a5 53. Be1
Be6 54. Bd2 1/2-1/2

[Event "DEM U12/U12w 2015"]
[Site "Willingen GER"]
[Date "2015.05.24"]
[Round "2"]
[White "Kirsten, Annika"]
[Black "Rothenberg, Nina"]
[Result "1-0"]
[Termination "normal"]
[Board "38"]
[WhiteElo "1267"]
[BlackElo "1174"]
[PlyCount "107"]
[WhiteFideId "12961124"]
[BlackFideId "16208943"]
[EventCountry "GER"]
[EventRounds "11"]
[EventType "swiss"]
[EventDate "2015.05.23"]

1. e4 e5 2. Bc4 Bc5 3. Nf3 Nc6 4. d3 d6 5. c3 Nf6 6. Nbd2 Bg4 7. O-O O-O 8. Re1
Ne7 9. Nf1 h6 10. h3 Bh5 11. Ng3 Bg6 12. d4 exd4 13. cxd4 Bb4 14. Bd2 Bxd2 15.
Qxd2 d5 16. exd5 Nexd5 17. Ne5 Re8 18. Re2 Qd6 19. Rae1 Rad8 20. Nxg6 Rxe2 21.
Rxe2 fxg6 22. Re5 Kh8 23. Ne4 Nxe4 24. Rxe4 Qb4 25. Qxb4 Nxb4 26. a3 Nc6 27. d5
Na5 28. Ba2 b6 29. Re7 Rc8 30. Kf1 Nb7 31. Bb1 Kh7 32. Re6 Rd8 33. Rxg6 Kg8 34.
Be4 Na5 35. Re6 Kf8 36. Ke2 Rd7 37. Bg6 Re7 38. Rxe7 Kxe7 39. Kd3 Kf6 40. Be4
Ke5 41. b4 Nb7 42. Ke3 Nd6 43. f4+ Kf6 44. Bd3 Nf5+ 45. Bxf5 Kxf5 46. g4+ Kf6
47. h4 a6 48. a4 g6 49. Ke4 Ke7 50. Ke5 Kf7 51. f5 g5 52. h5 Ke7 53. f6+ Kf7
54. Kf5 1-0

[Event "DEM U12/U12w 2015"]
[Site "Willingen GER"]
[Date "2015.05.24"]
[Round "2"]
[White "Fischer, Laura"]
[Black "Eulitz, Charlotte"]
[Result "0-1"]
[Termination "normal"]
[Board "39"]
[WhiteElo "1207"]
[BlackElo "1476"]
[PlyCount "146"]
[WhiteFideId "16208935"]
[BlackFideId "12964654"]
[EventCountry "GER"]
[EventRounds "11"]
[EventType "swiss"]
[EventDate "2015.05.23"]

1. e4 e5 2. Nf3 Nc6 3. Bc4 Bc5 4. O-O d6 5. d3 Bg4 6. Be3 Bb6 7. Nbd2 Nf6 8. c3
O-O 9. Bg5 Rc8 10. Bd5 Qe7 11. Qa4 Nd8 12. d4 c6 13. Qa3 Re8 14. dxe5 dxe5 15.
Qxe7 Rxe7 16. Bb3 h6 17. Be3 Bxf3 18. Bxb6 Bxe4 19. Bxa7 c5 20. Nc4 b5 21. Nd6
Rc6 22. Nxb5 Bd3 23. Rfd1 Rd7 24. Ba4 Ra6 25. Bb3 Bxb5 26. Bxc5 Ne6 27. Bxe6
Rxd1+ 28. Rxd1 Rxe6 29. Rd6 Re8 30. Rb6 Rd8 31. h3 Rd1+ 32. Kh2 Bd7 33. Be7 Nd5
34. Rd6 Bb5 35. Rd8+ Kh7 36. Bb4 Nxc3 37. Rxd1 Nxd1 38. b3 Nxf2 39. a4 Bc6 40.
Kg1 Nd3 41. Bd6 f6 42. a5 Bb5 43. g3 Kg6 44. Kg2 Kf5 45. Kf3 g6 46. g4+ Ke6 47.
Bf8 Nc1 48. b4 h5 49. Bh6 Nd3 50. g5 fxg5 51. Bxg5 Nxb4 52. Ke4 Bd3+ 53. Ke3 e4
54. h4 Kf5 55. Kd4 Nc6+ 56. Ke3 Nxa5 57. Kd4 Nc6+ 58. Ke3 Ne5 59. Kf2 Nf3 60.
Bd8 Kg4 61. Bb6 Kxh4 62. Bd8+ Kh3 63. Ke3 g5 64. Bc7 g4 65. Kf2 g3+ 66. Bxg3 h4
67. Bc7 Kg4 68. Kg2 e3 69. Ba5 h3+ 70. Kh1 Kg3 71. Bc7+ Kg4 72. Bg3 Bf1 73. Bf2
Bg2# 0-1

[Event "DEM U12/U12w 2015"]
[Site "Willingen GER"]
[Date "2015.05.24"]
[Round "2"]
[White "Wastian, Mareike"]
[Black "Zha, Kevin"]
[Result "1-0"]
[Termination "normal"]
[Board "40"]
[WhiteElo "1573"]
[BlackElo "1154"]
[PlyCount "103"]
[WhiteFideId "12947423"]
[BlackFideId "16208951"]
[EventCountry "GER"]
[EventRounds "11"]
[EventType "swiss"]
[EventDate "2015.05.23"]

1. e4 e5 2. Nf3 Nc6 3. Bb5 a6 4. Bxc6 dxc6 5. Nc3 Bd6 6. d4 Bg4 7. dxe5 Bxe5 8.
Qxd8+ Rxd8 9. h3 Bxf3 10. gxf3 Bxc3+ 11. bxc3 Nf6 12. Rg1 O-O 13. Bg5 Rd6 14.
Kf1 h6 15. Bxh6 Nh5 16. Be3 b6 17. Rg5 Nf6 18. e5 Nh7 19. exd6 Nxg5 20. Bxg5
cxd6 21. Be7 Rc8 22. Bxd6 b5 23. Bc5 Rd8 24. Ke2 Kh7 25. Rd1 Rxd1 26. Kxd1 f5
27. Ke2 f4 28. Bd6 g5 29. h4 Kg6 30. hxg5 Kxg5 31. Kd3 Kf5 32. Kd4 Ke6 33. Bxf4
a5 34. Bc7 a4 35. f4 Kd7 36. Ba5 Ke6 37. Kc5 Kd7 38. Bb6 a3 39. Ba5 Ke6 40.
Kxc6 Kf5 41. Kxb5 Kxf4 42. c4 Ke5 43. c5 Ke6 44. c6 Kd6 45. f4 Ke7 46. f5 Ke8
47. f6 Kf7 48. c7 Ke6 49. c8=Q+ Kf7 50. Qf5 Kf8 51. f7 Ke7 52. f8=Q# 1-0